<?xml version="1.0" encoding="UTF-8"?><?xml-stylesheet type="text/xsl" href="static/style.xsl"?><OAI-PMH xmlns="http://www.openarchives.org/OAI/2.0/" xmlns:xsi="http://www.w3.org/2001/XMLSchema-instance" xsi:schemaLocation="http://www.openarchives.org/OAI/2.0/ http://www.openarchives.org/OAI/2.0/OAI-PMH.xsd"><responseDate>2026-06-07T15:53:21Z</responseDate><request verb="GetRecord" identifier="oai:docta.ucm.es:20.500.14352/94187" metadataPrefix="marc">https://docta.ucm.es/rest/oai/request</request><GetRecord><record><header><identifier>oai:docta.ucm.es:20.500.14352/94187</identifier><datestamp>2025-01-27T18:53:15Z</datestamp><setSpec>com_20.500.14352_14</setSpec><setSpec>col_20.500.14352_15</setSpec></header><metadata><record xmlns="http://www.loc.gov/MARC21/slim" xmlns:dcterms="http://purl.org/dc/terms/" xmlns:xsi="http://www.w3.org/2001/XMLSchema-instance" xmlns:doc="http://www.lyncode.com/xoai" xsi:schemaLocation="http://www.loc.gov/MARC21/slim http://www.loc.gov/standards/marcxml/schema/MARC21slim.xsd">
   <leader>00925njm 22002777a 4500</leader>
   <datafield ind2=" " ind1=" " tag="042">
      <subfield code="a">dc</subfield>
   </datafield>
   <datafield ind2=" " ind1=" " tag="720">
      <subfield code="a">Pavón, Miguel Ángel</subfield>
      <subfield code="e">author</subfield>
   </datafield>
   <datafield ind2=" " ind1=" " tag="720">
      <subfield code="a">Luna, Agustín</subfield>
      <subfield code="e">author</subfield>
   </datafield>
   <datafield ind2=" " ind1=" " tag="720">
      <subfield code="a">Cruz, Silvia de la</subfield>
      <subfield code="e">author</subfield>
   </datafield>
   <datafield ind2=" " ind1=" " tag="720">
      <subfield code="a">González Alonso, María Isabel</subfield>
      <subfield code="e">author</subfield>
   </datafield>
   <datafield ind2=" " ind1=" " tag="720">
      <subfield code="a">Martín De Santos, María Del Rosario</subfield>
      <subfield code="e">author</subfield>
   </datafield>
   <datafield ind2=" " ind1=" " tag="720">
      <subfield code="a">García Lacarra, Teresa</subfield>
      <subfield code="e">author</subfield>
   </datafield>
   <datafield ind2=" " ind1=" " tag="260">
      <subfield code="c">2012</subfield>
   </datafield>
   <datafield ind2=" " ind1=" " tag="520">
      <subfield code="a">Alternaria spp. contamination and subsequent production of mycotoxins is a common problem in vegetable crops. Identification of Alternaria species by traditional methods requires specific skills and may not detect toxigenic moulds inactivated by food processing. By using molecular methods such as PCR the detection of Alternaria spp. becomes possible directly from the food or feed samples. In this study, a PCR method based on the Internal Transcribed Spacer (ITS) genetic marker has been used for detection of Alternaria spp. in raw and processed commercial tomato samples. Occurrence of altenuene, alternariol and alternariol methyl ether in the samples was analysed by high-performance liquid chromatography (HPLC) in order to assess the ability of the PCR assay to identify tomato samples containing Alternaria mycotoxins. The PCR assay revealed the presence of Alternaria spp. DNA in 41 out of 90 commercial samples (45.6%), while HPLC detected at least one of the Alternaria mycotoxins within 31 of the PCR positive samples. Detection of Alternaria DNA correlated well with the presence of the analysed Alternaria mycotoxins, indicating that the PCR protocol developed in this work for detection of Alternaria spp. DNA could be used as an indirect marker of the presence of Alternaria mycotoxins in raw and processed tomato products.</subfield>
   </datafield>
   <datafield ind1="8" ind2=" " tag="024">
      <subfield code="a">Pavón, M. Á., Luna, A., De La Cruz, S., González, I., Martı́n, R., &amp; Garcı́a, T. (2012). PCR-based assay for the detection of alternaria species and correlation with HPLC determination of altenuene, alternariol and alternariol monomethyl ether production in tomato products. Food Control, 25(1), 45-52. https://doi.org/10.1016/j.foodcont.2011.10.009</subfield>
   </datafield>
   <datafield ind1="8" ind2=" " tag="024">
      <subfield code="a">0956-7135</subfield>
   </datafield>
   <datafield ind1="8" ind2=" " tag="024">
      <subfield code="a">10.1016/j.foodcont.2011.10.009</subfield>
   </datafield>
   <datafield ind1="8" ind2=" " tag="024">
      <subfield code="a">https://hdl.handle.net/20.500.14352/94187</subfield>
   </datafield>
   <datafield ind1="8" ind2=" " tag="024">
      <subfield code="a">1873-7129</subfield>
   </datafield>
   <datafield ind1="8" ind2=" " tag="024">
      <subfield code="a">https://www.doi.org/10.1016/j.foodcont.2011.10.009</subfield>
   </datafield>
   <datafield ind1="8" ind2=" " tag="024">
      <subfield code="a">https://www.sciencedirect.com/science/article/pii/S0956713511004130</subfield>
   </datafield>
   <datafield ind2="0" ind1="0" tag="245">
      <subfield code="a">PCR-based assay for the detection of Alternaria species and correlation with HPLC determination of altenuene, alternariol and alternariol monomethyl ether production in tomato products</subfield>
   </datafield>
</record></metadata></record></GetRecord></OAI-PMH>